Plus grands pays du monde en superficie - Statistiques

Statistiques générales
  • Ce quiz a été pris 222 fois
    196 depuis la dernière actualisation
  • Le résultat moyen est 13 sur 15
Statistiques - réponses
Hint Réponse % Correct
17 125 191 km2 Russie
100%
9 629 091 km2 États unis
99%
8 515 767 km2 Brésil
98%
9 984 670 km2 Canada
98%
9 601 134 km2 Chine
98%
7 692 060 km2 Australie
97%
3 287 263 km2 Inde
97%
2 780 400 km2 Argentine
92%
2 381 741 km2 Algérie
90%
1 964 375 km2 Mexique
88%
2 724 910 km2 Kazakhstan
85%
2 345 409 km2 R.D. Congo
84%
1 910 931 km2 Indonésie
77%
2 149 680 km2 Arabie saoudite
74%
2 210 573 km2 Danemark
52%
Aucun quiz correspondant
Distribution des résultats
% des personnes avec chaque résultat
Percentile par nombre de réponses
Votre historique - résultats
Vous n’avez pas pris ce quiz depuis la dernière actualisation